| 000 -LEADER |
| fixed length control field |
00326 a2200145 4500 |
| 003 - CONTROL NUMBER IDENTIFIER |
| control field |
OSt |
| 005 - DATE AND TIME OF LATEST TRANSACTION |
| control field |
20231223150847.0 |
| 008 - FIXED-LENGTH DATA ELEMENTS--GENERAL INFORMATION |
| fixed length control field |
231223b ||||| |||| 00| 0 eng d |
| 020 ## - INTERNATIONAL STANDARD BOOK NUMBER |
| International Standard Book Number |
9781864703306 |
| 082 ## - DEWEY DECIMAL CLASSIFICATION NUMBER |
| Classification number |
725 |
| Item number |
JOD |
| 100 ## - MAIN ENTRY--PERSONAL NAME |
| Personal name |
Jodidio, Philip |
| 245 ## - TITLE STATEMENT |
| Title |
Architecture + automobiles |
| 260 ## - PUBLICATION, DISTRIBUTION, ETC. (IMPRINT) |
| Name of publisher, distributor, etc |
Images |
| 942 ## - ADDED ENTRY ELEMENTS (KOHA) |
| Source of classification or shelving scheme |
|